000 00593nam a2200181Ia 4500
008 090124s9999 xx 000 0 und d
082 _b116672
100 _aतोरडमल मधुकर.
245 _a बाप बिलंदर बेटा कलंदर
250 _a1
260 _c1975
300 _a92
600 _aतोरडमल मधुकर.
630 _a बाप बिलंदर बेटा कलंदर
700 _aतोरडमल मधुकर.
730 _a बाप बिलंदर बेटा कलंदर
942 _cBOOK
999 _c162758
_d162758